| 000 | 01464nam a22002177a 4500 | ||
|---|---|---|---|
| 999 |
_c56954 _d56954 |
||
| 003 | Ge_BSU | ||
| 005 | 20230331115908.0 | ||
| 008 | 190722s2019 g ||||| |||| 00| 0 geo d | ||
| 041 | _ageo | ||
| 080 | _a821.14'-394 ხ-60 | ||
| 100 |
_aხიტირი, თამარ. _93273 |
||
| 245 |
_aსოლარული მითები და მათი ტრანსფორმაცია ადრექრისტიანულ ეპოქაში (Sol Invictus) / _cთამარ ხიტირი ; სამეცნ. ხელმძღ. მარინე გიორგაძე. |
||
| 264 |
_aბათუმი : _bბსუ, _c2019. |
||
| 300 |
_a113 გვ .: _c30 სმ. |
||
| 653 | _aსოლარული მითები და მათი ტრანსფორმაცია ადრექრისტიანულ ეპოქაში (Sol Invictus) | ||
| 653 | _aდისერტაცია | ||
| 700 |
_aგიორგაძე, მარინე _eსამეცნიერო ხელმძღვანელი _93274 |
||
| 710 |
_aბათუმის შოთა რუსთაველის სახელობის სახელმწიფო უნ-ტი _93275 |
||
| 710 |
_aჰუმანიტარულ მეცნიერებათა ფაკულტეტი ევროპეისტიკის დეპარტამენტი _93276 |
||
| 942 |
_2udc _cDS |
||